00836cam a22002651 4500001001300000003000400013005001700017008004100034010001700075035001900092040002400111050001600135082001000151110003900161245005500200260004900255300002600304490002900330500001700359650004100376650004800417740002600465810006200491999001700553ss 53000022 DLC20260227112752.0751106s1953 dcua f000 0 eng  ass 53000022  a(OCoLC)1811959 aDLCcFJdOCoLCdDLC00aZ1037b.U68 a028.51 aUnited States.bChildren's Bureau.14aThe children's bookshelf;ba booklist for parents. a[Washington,bU.S. Govt. Print. Off.,c1953] a56 p.billus.c20 cm.1 aIts Publicationvno. 304 aCover title. 0aChildren's literaturexBibliography. 0aChildrenxBooks and readingzUnited States.0 aBooklist for parents.1 aUnited States.bChildren's Bureau.tPublicationvno. 304. c90946d90946